| 000 | 00627cam a22002291 4500 | ||
|---|---|---|---|
| 001 | sa 68011927 | ||
| 003 | DLC | ||
| 005 | 20260227112605.0 | ||
| 008 | 740710s1968 xx 000 0 ind | ||
| 010 | _asa 68011927 | ||
| 035 | _a(OCoLC)942083 | ||
| 040 |
_aDLC _cOAU _dDLC |
||
| 042 | _apremarc | ||
| 050 | 0 | 0 |
_aJS7192 _b.T5 |
| 100 | 1 | _aThe, Liang Gie. | |
| 245 | 1 | 0 | _aPertumbuhan pemerintahan daerah di Negara Republik Indonesia. |
| 260 |
_a[Djakarta] _bGunung _c[1967-1968] |
||
| 300 |
_a3 v. _bmap. _c24 cm. |
||
| 500 | _aCover title. | ||
| 504 | _aIncludes bibliographies. | ||
| 650 | 0 |
_aLocal government _zIndonesia. |
|
| 999 |
_c84191 _d84191 |
||